Разработка временного задатчика для привода шнекового питателя на базе PIC-контроллера; Университетская научно-практическая отчетная конференция студентов и молодых ученых; 14-16 мая 2003, г. Томск

Dettagli Bibliografici
Parent link:Университетская научно-практическая отчетная конференция студентов и молодых ученых; 14-16 мая 2003, г. Томск.— 2003.— С. 21-22
Autore principale: Дубинин О. В.
Lingua:russo
Pubblicazione: 2003
Soggetti:
Natura: MixedMaterials Capitolo di libro
KOHA link:https://koha.lib.tpu.ru/cgi-bin/koha/opac-detail.pl?biblionumber=107894

MARC

LEADER 00000naa2a2200000 4500
001 107894
005 20231031115442.0
035 |a (RuTPU)RU\TPU\book\116484 
090 |a 107894 
100 |a 20070109d2003 k y0rusy50 ca 
101 0 |a rus 
102 |a RU 
200 1 |a Разработка временного задатчика для привода шнекового питателя на базе PIC-контроллера  |f О. В. Дубинин 
320 |a Библиогр.: 2 назв. 
463 0 |0 (RuTPU)RU\TPU\book\62675  |y 5-98298-044-7  |t Университетская научно-практическая отчетная конференция студентов и молодых ученых; 14-16 мая 2003, г. Томск  |o Сборник тезисов  |f Томский политехнический университет. Физико-технический факультет  |v С. 21-22  |d 2003  |p 58 с. 
610 1 |a шнековые питатели 
610 1 |a приводы 
610 1 |a контроллеры 
610 1 |a временные задатчики 
610 1 |a труды учёных ТПУ 
700 1 |a Дубинин  |b О. В. 
801 1 |a RU  |b 63413507  |c 20070109  |g PSBO 
942 |c BK